[Event "EU-ch Cities&Town op"]
[Site "Tornelo INT"]
[Date "2023.01.29"]
[Round "?"]
[White "Tepelenis, Nikolaos"]
[Black "Zeneli, Klendi"]
[Result "0-1"]
[WhiteElo "2096"]
[BlackElo "2052"]
[PlyCount "62"]
[EventDate "2023.01.29"]
[EventType "team-swiss"]
[EventRounds "9"]
[EventCountry "NET"]
[SourceTitle "CBM 212 Extra"]
[Source "ChessBase"]
[SourceDate "2023.03.31"]
[SourceVersion "1"]
[SourceVersionDate "2023.03.31"]
[SourceQuality "1"]
[WhiteTeam "Ioannina"]
[BlackTeam "Tirana"]
[WhiteTeamCountry "GRE"]
[BlackTeamCountry "ALB"]

1. d4 d5 2. Bf4 c5 3. e3 Nc6 4. c3 Qb6 5. Qb3 c4 6. Qxb6 axb6 7. Nf3 b5 8. Be2 Bf5 9. 0-0 h6 10. a3 Nf6 11. h3 e6 12. Nbd2 Be7 13. Ne5 0-0 14. Rfe1 Nxe5 15. Bxe5 Nd7 16. Bg3 Nb6 17. f3 Na4 18. e4 Bg6 19. Rab1 Rfe8 20. Bd1 Bf8 21. Bxa4 bxa4 22. Re2 Ra5 23. Rbe1 Rb5 24. exd5 Bd3 25. Re3 Rxb2 26. dxe6 Rxe6 27. Rxe6 fxe6 28. Ne4 Bxa3 29. Nc5 Bxc5 30. dxc5 a3 31. Rxe6 a2 0-1

[Event "GRE-chT Online Rapid op 1st"]
[Site "Tornelo INT"]
[Date "2021.02.21"]
[Round "9.15"]
[White "Fragkos, Vasileios"]
[Black "Tepelenis, Nikolaos"]
[Result "1-0"]
[WhiteElo "1890"]
[BlackElo "2096"]
[PlyCount "137"]
[EventDate "2021.02.20"]
[EventType "team-swiss (rapid)"]
[EventRounds "9"]
[EventCountry "GRE"]
[SourceTitle "EXT 2023"]
[Source "ChessBase"]
[SourceDate "2022.10.05"]
[SourceVersion "1"]
[SourceVersionDate "2022.10.05"]
[SourceQuality "1"]

1. e4 c5 2. Nf3 Nc6 3. d4 cxd4 4. Nxd4 e5 5. Nb5 d6 6. c4 a6 7. N5a3 Nf6 8. Nc3 Be7 9. Be2 Be6 10. Be3 Rc8 11. Rc1 0-0 12. f3 Nh5 13. Qd2 h6 14. 0-0 Bg5 15. Nc2 Bxe3+ 16. Qxe3 Qg5 17. Qxg5 hxg5 18. Rfd1 Nf4 19. Bf1 Na5 20. b3 b5 21. Nd5 Bxd5 22. cxd5 Rc3 23. Nb4 Rfc8 24. Rxc3 Rxc3 25. Nxa6 Rc2 26. Nb4 Rb2 27. g3 Ne2+ 28. Bxe2 Rxe2 29. h3 Nb7 30. Rf1 Nc5 31. Rf2 Re1+ 32. Kg2 g6 33. Rd2 f5 34. exf5 gxf5 35. Nc2 Rc1 36. b4 Na6 37. Na3 Nc7 38. Nc2 Nxd5 39. Rxd5 Rxc2+ 40. Kg1 Rxa2 41. Rxd6 Kf7 42. Rd5 Ke6 43. Rxb5 Rb2 44. h4 gxh4 45. gxh4 e4 46. fxe4 fxe4 47. Kf1 e3 48. Ke1 Kf6 49. h5 Kg7 50. Rb6 Kh7 51. b5 Kg7 52. Rg6+ Kh7 53. b6 Rb5 54. Ke2 Rxh5 55. Rc6 Rb5 56. Kxe3 Kg7 57. Kd4 Kf7 58. Kc4 Rb1 59. Kc5 Ke7 60. Rc7+ Kd8 61. Kc6 Rc1+ 62. Kb7 Rb1 63. Rc2 Rb3 64. Ka7 Ra3+ 65. Kb8 Rb3 66. Rd2+ Ke7 67. b7 Rb1 68. Rc2 Ke6 69. Kc7 1-0

[Event "GRE-chT 46th"]
[Site "Rio Achaia"]
[Date "2018.07.12"]
[Round "4.16"]
[White "Tepelenis, Nikolaos"]
[Black "Istratescu, Andrei"]
[Result "0-1"]
[WhiteElo "2079"]
[BlackElo "2575"]
[PlyCount "56"]
[EventDate "2018.07.10"]
[EventType "team"]
[EventRounds "7"]
[EventCountry "GRE"]
[SourceTitle "CBM 185 Extra"]
[Source "ChessBase"]
[SourceDate "2018.07.29"]
[SourceVersion "1"]
[SourceVersionDate "2018.07.29"]
[SourceQuality "1"]
[WhiteTeam "Ioannites Skakiston"]
[BlackTeam "Kalamata Poseidon"]
[WhiteTeamCountry "GRE"]
[BlackTeamCountry "GRE"]

1. e4 c5 2. c3 e6 3. d4 d5 4. exd5 exd5 5. Nf3 Nc6 6. Be2 h6 7. 0-0 Nf6 8. Bf4 Be7 9. dxc5 Bxc5 10. Nbd2 0-0 11. Nb3 Bb6 12. Nfd4 Re8 13. Bf3 Ne4 14. Re1 Qf6 15. Bg3 Bf5 16. Nxf5 Qxf5 17. Nd4 Bxd4 18. cxd4 Ng5 19. Rxe8+ Rxe8 20. Bg4 Qf6 21. Bd7 Re4 22. Qb3 Nxd4 23. Qxb7 Ne2+ 24. Kh1 Nxg3+ 25. fxg3 Rd4 26. Qxa7 Qf2 27. Qa8+ Kh7 28. Bc6 Nh3 0-1

[Event "GRE-chT 45th"]
[Site "Achaia"]
[Date "2017.07.06"]
[Round "5.14"]
[White "Balogh, Csaba"]
[Black "Tepelenis, Nikolaos"]
[Result "1-0"]
[WhiteElo "2638"]
[BlackElo "2084"]
[PlyCount "35"]
[EventDate "2017.07.03"]
[EventType "team-swiss"]
[EventRounds "7"]
[EventCountry "GRE"]
[SourceTitle "CBM 179 Extra"]
[Source "ChessBase"]
[SourceDate "2017.08.23"]
[SourceVersion "1"]
[SourceVersionDate "2017.08.23"]
[SourceQuality "1"]
[WhiteTeam "Von Heraklion Attica"]
[BlackTeam "Ioannina"]
[WhiteTeamCountry "GRE"]
[BlackTeamCountry "GRE"]

1. e4 e6 2. d4 d5 3. Nd2 Nf6 4. e5 Nfd7 5. c3 c5 6. f4 Nc6 7. Ndf3 Qb6 8. a3 Be7 9. h4 f6 10. Bd3 cxd4 11. cxd4 0-0 12. Ne2 Kh8 13. b4 Nxd4 14. Nexd4 fxe5 15. fxe5 Nxe5 16. Nxe5 Qxd4 17. Qh5 Bxh4+ 18. Kd1 1-0

[Event "Ambelokipi op 163th"]
[Site "Athens"]
[Date "2017.03.01"]
[Round "1"]
[White "Patrinos, Ilias"]
[Black "Tepelenis, Nikolaos"]
[Result "0-1"]
[WhiteElo "1568"]
[BlackElo "2090"]
[PlyCount "68"]
[EventDate "2017.03.01"]
[EventType "swiss"]
[EventRounds "7"]
[EventCountry "GRE"]
[SourceTitle "EXT 2024"]
[Source "ChessBase"]
[SourceDate "2023.10.10"]
[SourceVersion "1"]
[SourceVersionDate "2023.10.10"]
[SourceQuality "1"]

1. d4 Nf6 2. Nf3 g6 3. c3 Bg7 4. Bg5 d5 5. Nbd2 0-0 6. e3 b6 7. Bd3 Bb7 8. 0-0 Nbd7 9. Ne5 Nxe5 10. dxe5 Nd7 11. f4 f6 12. exf6 exf6 13. Bh4 Qe8 14. Qf3 Nc5 15. Bc2 f5 16. Qh3 Na4 17. Bxa4 Qxa4 18. Nb3 Rae8 19. Bg5 c5 20. Rfe1 Re6 21. Bh6 Bxh6 22. Qxh6 Rfe8 23. Qh3 R8e7 24. Kf2 a5 25. g4 fxg4 26. Qxg4 Qe8 27. Qg3 a4 28. Nd2 d4 29. cxd4 cxd4 30. Nc4 Qc6 31. Rac1 b5 32. Ne5 dxe3+ 33. Kxe3 Rxe5+ 34. fxe5 Qe4+ 0-1

[Event "Ambelokipi op 162th"]
[Site "Athens"]
[Date "2017.02.22"]
[Round "7"]
[White "Makkas, Panayiotis"]
[Black "Tepelenis, Nikolaos"]
[Result "0-1"]
[WhiteElo "1681"]
[BlackElo "2105"]
[PlyCount "54"]
[EventDate "2017.01.11"]
[EventType "swiss"]
[EventRounds "7"]
[EventCountry "GRE"]
[SourceTitle "EXT 2024"]
[Source "ChessBase"]
[SourceDate "2023.10.10"]
[SourceVersion "1"]
[SourceVersionDate "2023.10.10"]
[SourceQuality "1"]

1. c4 Nf6 2. Nf3 g6 3. Nc3 Bg7 4. g3 0-0 5. Bg2 d6 6. d4 Nc6 7. 0-0 a6 8. Bf4 Nh5 9. Be3 Bd7 10. Qd2 Re8 11. Rad1 Rb8 12. b3 Qc8 13. Nd5 e6 14. Nf4 Nf6 15. d5 Ne7 16. dxe6 fxe6 17. Qc2 Bc6 18. Nd3 Nf5 19. Bc1 e5 20. Nb4 Be4 21. Qc3 c5 22. Nd5 Nxd5 23. cxd5 Nd4 24. Nxd4 cxd4 25. Qd2 Bxg2 26. Kxg2 Qf5 27. e3 Qe4+ 0-1

[Event "Ambelokipi op 162th"]
[Site "Athens"]
[Date "2017.01.25"]
[Round "3"]
[White "Delithanasis, Dimitrios"]
[Black "Tepelenis, Nikolaos"]
[Result "1-0"]
[WhiteElo "1971"]
[BlackElo "2105"]
[PlyCount "83"]
[EventDate "2017.01.11"]
[EventType "swiss"]
[EventRounds "7"]
[EventCountry "GRE"]
[SourceTitle "EXT 2024"]
[Source "ChessBase"]
[SourceDate "2023.10.10"]
[SourceVersion "1"]
[SourceVersionDate "2023.10.10"]
[SourceQuality "1"]

1. d4 d5 2. Bf4 Nf6 3. e3 c5 4. Nc3 a6 5. Nf3 e6 6. dxc5 Bxc5 7. Bd3 Nc6 8. 0-0 0-0 9. a3 Re8 10. e4 d4 11. Ne2 e5 12. Bd2 b5 13. Ng3 g6 14. b4 Bf8 15. c4 dxc3 16. Bxc3 Bb7 17. Bb2 Nd7 18. Qb3 Nb6 19. Rad1 Qe7 20. Ne2 Qe6 21. Qxe6 Rxe6 22. Nc3 Rd8 23. Be2 Nd4 24. Rfe1 Nxe2+ 25. Rxe2 Rxd1+ 26. Nxd1 Nc4 27. Bc1 Rd6 28. Ne3 Nxe3 29. Bxe3 Rd1+ 30. Ne1 Bxe4 31. Bc5 Bc6 32. Bxf8 Kxf8 33. Rxe5 Rd8 34. Kf1 Bd5 35. g4 Bc4+ 36. Kg2 Re8 37. Rxe8+ Kxe8 38. Kf3 Ke7 39. Ke4 Be6 40. g5 Kd6 41. Ke3 Bf5 42. Nf3 1-0

[Event "Ambelokipi op 159th"]
[Site "Athens"]
[Date "2016.04.27"]
[Round "2"]
[White "Makkas, Panayiotis"]
[Black "Tepelenis, Nikolaos"]
[Result "1/2-1/2"]
[WhiteElo "1718"]
[BlackElo "2116"]
[PlyCount "84"]
[EventDate "2016.04.20"]
[EventType "swiss"]
[EventRounds "7"]
[EventCountry "GRE"]
[SourceTitle "EXT 2024"]
[Source "ChessBase"]
[SourceDate "2023.10.10"]
[SourceVersion "1"]
[SourceVersionDate "2023.10.10"]
[SourceQuality "1"]

1. c4 e5 2. Nc3 Nf6 3. g3 d5 4. cxd5 Nxd5 5. Bg2 Nb6 6. Nf3 Nc6 7. d3 Be7 8. 0-0 0-0 9. Be3 Be6 10. Rc1 f5 11. a3 Bf6 12. Nd2 Nd5 13. Nxd5 Bxd5 14. Bxd5+ Qxd5 15. Qb3 Qxb3 16. Nxb3 Be7 17. Bc5 Rf7 18. Bxe7 Rxe7 19. e3 Nd8 20. d4 Nf7 21. dxe5 Nxe5 22. Nd4 g6 23. Rc2 a5 24. Kg2 Rd8 25. h3 c6 26. Nb3 Rd5 27. Nd4 c5 28. Nf3 Nc6 29. Rfc1 b6 30. Rd2 Red7 31. Rcd1 Ne7 32. Kf1 Kf7 33. Ke2 Kf6 34. Rxd5 Rxd5 35. Rxd5 Nxd5 36. Kd3 b5 37. e4 fxe4+ 38. Kxe4 Nb6 39. Ne5 Ke6 40. f4 Na4 41. b3 Nc3+ 42. Kd3 Nd1 1/2-1/2

[Event "Ambelokipi op 157th"]
[Site "Athens"]
[Date "2016.02.10"]
[Round "5"]
[White "Sideris, Theodoros"]
[Black "Tepelenis, Nikolaos"]
[Result "0-1"]
[WhiteElo "1983"]
[BlackElo "2105"]
[PlyCount "56"]
[EventDate "2016.01.13"]
[EventType "swiss"]
[EventRounds "7"]
[EventCountry "GRE"]
[SourceTitle "EXT 2024"]
[Source "ChessBase"]
[SourceDate "2023.10.10"]
[SourceVersion "1"]
[SourceVersionDate "2023.10.10"]
[SourceQuality "1"]

1. e4 e6 2. d4 d5 3. Nc3 Nf6 4. Bg5 dxe4 5. Nxe4 Be7 6. Nxf6+ Bxf6 7. Bxf6 Qxf6 8. Nf3 0-0 9. Bd3 c5 10. Qe2 Nc6 11. Qe4 g6 12. dxc5 Qxb2 13. 0-0 Qc3 14. Qh4 Qxc5 15. Rab1 Qe7 16. Ng5 f6 17. Nf3 e5 18. Bc4+ Kg7 19. Rfe1 Bf5 20. Bd5 Qc7 21. g4 Bxc2 22. Rbc1 Rad8 23. Rxc2 Rxd5 24. g5 f5 25. Rb1 e4 26. Qh6+ Kg8 27. Nh4 Qd7 28. Nxg6 Rf7 0-1

[Event "Ambelokipi op 157th"]
[Site "Athens"]
[Date "2016.01.13"]
[Round "1"]
[White "Patrinos, Ilias"]
[Black "Tepelenis, Nikolaos"]
[Result "0-1"]
[WhiteElo "1522"]
[BlackElo "2105"]
[PlyCount "84"]
[EventDate "2016.01.13"]
[EventType "swiss"]
[EventRounds "7"]
[EventCountry "GRE"]
[SourceTitle "EXT 2024"]
[Source "ChessBase"]
[SourceDate "2023.10.10"]
[SourceVersion "1"]
[SourceVersionDate "2023.10.10"]
[SourceQuality "1"]

1. d4 Nf6 2. Bg5 e6 3. Nf3 h6 4. Bh4 g5 5. Bg3 Nh5 6. e3 Nxg3 7. hxg3 Bg7 8. Bd3 b6 9. Qe2 Bb7 10. c4 d6 11. Nc3 Nd7 12. 0-0 0-0 13. Rad1 Qe7 14. Rfe1 f5 15. e4 f4 16. gxf4 Rxf4 17. g3 Rf7 18. d5 Raf8 19. Nh2 Ne5 20. Rf1 Nf3+ 21. Kg2 Nxh2 22. Kxh2 Bxc3 23. bxc3 exd5 24. cxd5 Bxd5 25. Rd2 Be6 26. Qh5 Qf6 27. c4 Qf3 28. Qxf3 Rxf3 29. Kg2 Rxd3 30. Rxd3 Bxc4 31. Rc3 Bxf1+ 32. Kxf1 Rf7 33. Ra3 a5 34. Re3 Kf8 35. e5 Re7 36. e6 Kg7 37. g4 Kf6 38. Rh3 Rxe6 39. Rxh6+ Ke5 40. Rh7 c5 41. a4 Kf4 42. Rb7 d5 0-1

[Event "GRE-chT 42nd"]
[Site "Porto Rio"]
[Date "2014.06.29"]
[Round "2.1"]
[White "Istratescu, Andrei"]
[Black "Tepelenis, Nikolaos"]
[Result "1-0"]
[WhiteElo "2668"]
[BlackElo "2106"]
[PlyCount "99"]
[EventDate "2014.06.28"]
[EventType "team-swiss"]
[EventRounds "7"]
[EventCountry "GRE"]
[SourceTitle "CBM 161 Extra"]
[Source "ChessBase"]
[SourceDate "2014.08.29"]
[SourceVersion "1"]
[SourceVersionDate "2014.08.29"]
[SourceQuality "1"]
[WhiteTeam "Kalamata Poseidon"]
[BlackTeam "Aigialeias Interior"]
[WhiteTeamCountry "GRE"]
[BlackTeamCountry "GRE"]

1. e4 e6 2. d4 d5 3. Nc3 Nf6 4. Bg5 dxe4 5. Nxe4 Be7 6. Bxf6 gxf6 7. Nf3 f5 8. Ned2 c5 9. c3 0-0 10. g3 b6 11. Bg2 Bb7 12. 0-0 Nd7 13. Re1 Qc7 14. Qe2 Rad8 15. Rad1 Qb8 16. Nf1 Bf6 17. Ne3 cxd4 18. cxd4 Rfe8 19. Rd2 Bg7 20. d5 Nc5 21. dxe6 fxe6 22. Rxd8 Rxd8 23. Nc4 Be4 24. Nfd2 Bxg2 25. Kxg2 b5 26. Na5 Qb6 27. Ndb3 Nxb3 28. Nxb3 e5 29. Rc1 Qb7+ 30. Kg1 a6 31. Nc5 Qc6 32. b4 e4 33. Rd1 Rxd1+ 34. Qxd1 Bf8 35. Qb3+ Kh8 36. Qb2+ Kg8 37. Qe5 Bxc5 38. bxc5 Qd7 39. Kg2 Kf7 40. h4 Qe6 41. Qh8 Kg6 42. h5+ Kxh5 43. Qxh7+ Kg5 44. Qg7+ Kh5 45. Qc7 e3 46. Qh7+ Kg5 47. Qg7+ Kh5 48. f4 Qe4+ 49. Kh2 Qe8 50. Kh3 1-0

[Event "Petroupoli ASOP Dias op"]
[Site "Petroupoli"]
[Date "2014.03.05"]
[Round "2.8"]
[White "Tepelenis, Nikolaos"]
[Black "Grigoriadis, Mihail"]
[Result "1/2-1/2"]
[WhiteElo "2107"]
[BlackElo "1924"]
[PlyCount "95"]
[EventDate "2014.02.26"]
[EventType "swiss"]
[EventRounds "7"]
[EventCountry "GRE"]
[SourceTitle "EXT 2024"]
[Source "ChessBase"]
[SourceDate "2023.10.10"]
[SourceVersion "1"]
[SourceVersionDate "2023.10.10"]
[SourceQuality "1"]

1. d4 Nf6 2. c4 e6 3. Nc3 Bb4 4. Qc2 c5 5. dxc5 0-0 6. a3 Bxc5 7. Nf3 Nc6 8. Bg5 b6 9. Rd1 h6 10. Bh4 Be7 11. e4 Ne8 12. Bxe7 Qxe7 13. Qd2 d6 14. Be2 Bb7 15. 0-0 Rd8 16. Qe3 Nf6 17. h3 Rd7 18. Nd4 Nxd4 19. Rxd4 Rc8 20. Rfd1 e5 21. R4d2 Kh7 22. b3 Kg8 23. Bf3 Kh7 24. Nb5 Bc6 25. a4 Bxb5 26. axb5 Rdd8 27. Rd3 Rc7 28. Qd2 Rcd7 29. Bg4 Nxg4 30. hxg4 Qe6 31. Qe2 Kg8 32. Rg3 g5 33. Rh3 Kg7 34. Qf3 Rh8 35. Rh5 Kf8 36. g3 Kg7 37. Kg2 Kf8 38. Rdh1 Kg7 39. Qf5 Re7 40. f3 Ree8 41. Kf2 Qe7 42. Kg2 Qd8 43. f4 f6 44. fxg5 fxg5 45. Qf3 Ref8 46. Qe2 Qc8 47. Rd1 Rf6 48. Rhh1 1/2-1/2

[Event "Athens Smaok op 19th"]
[Site "Athens"]
[Date "2013.01.15"]
[Round "2"]
[White "Vlahos, Athanasios"]
[Black "Tepelenis, Nikolaos"]
[Result "0-1"]
[WhiteElo "1801"]
[BlackElo "2182"]
[PlyCount "62"]
[EventDate "2013.01.08"]
[EventType "swiss"]
[EventRounds "7"]
[EventCountry "GRE"]
[SourceTitle "EXT 2014"]
[Source "ChessBase"]
[SourceDate "2013.11.20"]
[SourceVersion "1"]
[SourceVersionDate "2013.11.20"]
[SourceQuality "1"]

1. e4 e6 2. d4 d5 3. Nc3 Bb4 4. e5 c5 5. a3 Bxc3+ 6. bxc3 Ne7 7. Nf3 Nbc6 8. a4 Qa5 9. Bd2 Bd7 10. Be2 c4 11. 0-0 Nc8 12. Ng5 h6 13. Nh3 Nb6 14. Nf4 g6 15. Bg4 Nxa4 16. Qc1 Ne7 17. h4 h5 18. Bh3 b5 19. Qa3 Qc7 20. Ne2 a5 21. Bg5 Nc8 22. Rfb1 Rb8 23. Qc1 b4 24. Bf6 Rg8 25. cxb4 axb4 26. Qg5 b3 27. cxb3 cxb3 28. Nf4 b2 29. Nxd5 exd5 30. Rxa4 Qc2 31. Bxd7+ Kxd7 0-1

[Event "Ambelokipi op 127th"]
[Site "Athens"]
[Date "2012.09.19"]
[Round "4"]
[White "Tepelenis, Nikolaos"]
[Black "Markantonaki, Haritomeni"]
[Result "1/2-1/2"]
[WhiteElo "2144"]
[BlackElo "2168"]
[PlyCount "45"]
[EventDate "2012.09.08"]
[EventType "swiss"]
[EventRounds "7"]
[EventCountry "GRE"]
[SourceTitle "EXT 2024"]
[Source "ChessBase"]
[SourceDate "2023.10.10"]
[SourceVersion "1"]
[SourceVersionDate "2023.10.10"]
[SourceQuality "1"]

1. e4 e5 2. Nf3 Nc6 3. Bb5 a6 4. Ba4 Nf6 5. 0-0 b5 6. Bb3 Bb7 7. d3 Be7 8. a4 0-0 9. Re1 Re8 10. Nc3 b4 11. Nd5 Na5 12. Nxe7+ Qxe7 13. Ba2 d5 14. exd5 Qd6 15. Nd2 Bxd5 16. Bxd5 Nxd5 17. Nc4 Nxc4 18. dxc4 Ne7 19. Qxd6 cxd6 20. Bd2 Nc6 21. Be3 f5 22. Rad1 Re6 23. Rd5 1/2-1/2

[Event "GRE-chT 40th"]
[Site "Achaia"]
[Date "2012.07.01"]
[Round "2.11"]
[White "Tepelenis, Nikolaos"]
[Black "Rozakis, Dimitrios"]
[Result "1/2-1/2"]
[WhiteElo "2131"]
[BlackElo "2098"]
[PlyCount "105"]
[EventDate "2012.06.30"]
[EventType "team-swiss"]
[EventRounds "7"]
[EventCountry "GRE"]
[SourceTitle "CBM 149 Extra"]
[Source "ChessBase"]
[SourceDate "2012.08.24"]
[SourceVersion "1"]
[SourceVersionDate "2012.08.24"]
[SourceQuality "1"]
[WhiteTeam "Elefsinas STM"]
[BlackTeam "Tzelepis Ikaria"]
[WhiteTeamCountry "GRE"]
[BlackTeamCountry "GRE"]

1. d4 d5 2. c4 e6 3. Nc3 Nf6 4. cxd5 exd5 5. Bg5 Be7 6. e3 0-0 7. Bd3 h6 8. Bh4 b6 9. Nf3 Bb7 10. 0-0 c5 11. Ne5 Nc6 12. Ba6 Qc8 13. Bxb7 Qxb7 14. Nxc6 Qxc6 15. dxc5 g5 16. Bg3 bxc5 17. Qa4 Qb6 18. b3 Rac8 19. Rfd1 Rfd8 20. Rac1 d4 21. exd4 Rxd4 22. Qb5 Rcd8 23. Qe2 Bf8 24. Na4 Qb4 25. Rxd4 Rxd4 26. f3 Rd2 27. Qc4 Rxa2 28. Qxb4 cxb4 29. Rc8 Nd7 30. Rd8 Rd2 31. Nc5 Nxc5 32. Rxd2 Kh7 33. Bf2 Nxb3 34. Rb2 Na5 35. Bxa7 Nc4 36. Rb1 Kg6 37. Kf2 Bd6 38. h3 h5 39. Bd4 h4 40. Rc1 Ne5 41. Bxe5 Bxe5 42. Rc6+ f6 43. Ke3 b3 44. Rb6 b2 45. Ke4 Bc3 46. f4 gxf4 47. Kxf4 Bd4 48. Rb7 f5 49. Rb5 Bc3 50. Rb6+ Bf6 51. Rb7 Bg5+ 52. Ke5 Bf6+ 53. Kf4 1/2-1/2

[Event "Athens op 03-A"]
[Site "Athens"]
[Date "2012.03.27"]
[Round "4"]
[White "Nikolaou, Georgios"]
[Black "Tepelenis, Nikolaos"]
[Result "1/2-1/2"]
[WhiteElo "2208"]
[BlackElo "2146"]
[PlyCount "114"]
[EventDate "2012.03.06"]
[EventType "swiss"]
[EventRounds "7"]
[EventCountry "GRE"]
[SourceTitle "EXT 2014"]
[Source "ChessBase"]
[SourceDate "2013.11.20"]
[SourceVersion "1"]
[SourceVersionDate "2013.11.20"]
[SourceQuality "1"]

1. Nf3 d5 2. g3 c5 3. Bg2 Nc6 4. 0-0 e5 5. d3 Nf6 6. e4 d4 7. Na3 Bg4 8. h3 Bh5 9. Nc4 b5 10. Na3 a6 11. c4 b4 12. Nb1 Nd7 13. Nbd2 Be7 14. Qe1 g5 15. Nh2 Nf8 16. Ng4 Ne6 17. Nh6 Kd7 18. Nf3 Bf8 19. Nf5 Bg6 20. Bd2 h5 21. h4 g4 22. Nh2 f6 23. f3 gxf3 24. Rxf3 Kc7 25. Qd1 Ne7 26. a3 a5 27. Bh3 Bf7 28. Qc2 Ng6 29. Raf1 Qe8 30. Qc1 Ne7 31. Kh1 Ng8 32. R3f2 b3 33. Nf3 a4 34. Kh2 Kb6 35. Qe1 Ra7 36. Ng1 Bg6 37. Qe2 Rah7 38. Qf3 Kc6 39. Ne2 Bf7 40. Ng1 Kc7 41. Qe2 Kc6 42. Nf3 Kc7 43. Rg1 Kc6 44. Kg2 Kc7 45. Rgf1 Kc6 46. Nh2 Kc7 47. Rf3 Kc6 48. Be1 Kc7 49. Qd2 Qa8 50. g4 hxg4 51. Nxg4 Nf4+ 52. Rxf4 exf4 53. Qxf4+ Kb6 54. Bg3 Qb7 55. Kf2 Be6 56. Bg2 Qc8 57. Bf3 Ka7 1/2-1/2